Convenio para desarrollo del fundamento técnico y conceptual base para el proceso de revisión y actualización de la política nacional de biodiversidad y su plan de acción. (Registro nro. 18071)
[ vista simple ]
| 000 -CABECERA | |
|---|---|
| Campo de control | 00743nam a22001817a 4500 |
| 005 - FECHA Y HORA DE LA ULTIMA TRANSACCION | |
| Campo de control | 20160201142749.0 |
| 008 - ELEMENTOS DE LONGITUD FIJA—INFORMACION GENERAL | |
| Campo de control | 160201b ck ||||| |||| 00| 0 spa d |
| 040 ## - FUENTE DE CATALOGACIÓN | |
| Agencia catalogadora original | CO-BoIAVH |
| Agencia transcriptora | CO-BoIAVH |
| 041 ## - IDIOMA | |
| Código de idioma para texto/pista de sonido o título separado | Español |
| 044 ## - PAÍS DE PUBLICACIÓN | |
| País de publicación | Colombia |
| 090 ## - CLASIFICACIÓN LOCAL | |
| Colección | LB- |
| Consecutivo | 05903 |
| 245 00 - MENCION DE TITULO | |
| Título | Convenio para desarrollo del fundamento técnico y conceptual base para el proceso de revisión y actualización de la política nacional de biodiversidad y su plan de acción. |
| 260 ## - PUBLICACION, DISTRIBUCION, ETC. (PIE DE IMPRENTA) | |
| Lugar de publicación, distribución, etc. | Bogotá: |
| Nombre del editor, distribuidor, etc. | Pontificia Universidad Javeriana. Ideade. |
| -- | Ministerio de Ambiente, Vivienda y Desarrollo Territorial. Dirección de Ecosistemas. |
| Fecha de publicación, distribución, etc. | 2009?. |
| 300 ## - DESCRIPCION FISICA | |
| Extensión | 500 páginas |
| 500 ## - NOTA GENERAL | |
| Nota general | Informe final |
| 650 1# - ASIENTO SECUNDARIO DE MATERIA - TERMINO TEMATICO | |
| Término temático o nombre geográfico como elemento de entrada | Política Nacional de Biodiversidad |
| 9 (RLIN) | 4424 |
| 942 ## - ELEMENTOS ADICIONALES (KOHA) | |
| Sistema de clasificación | Local |
| Tipo de ítem | Informe Técnico |
| Withdrawn status | Lost status | Sistema de Clasificación | Damaged status | No para préstamo | Colección | Inventariado | Ubicación Permanente | Ubicación actual | Fecha de adquisición | Total Checkouts | Número topográfico | Inventario / Código de Barras | Date last seen | Ejemplar | Price effective from | Forma de adquisición | Tipo de material |
|---|---|---|---|---|---|---|---|---|---|---|---|---|---|---|---|---|---|
| Local | General | Inventariado 2017 | Bogotá | Bogotá | 01/02/2016 | LB-05903 | 039659 | 01/02/2016 | Ej. 1 | 01/02/2016 | Informe Técnico |